| 000 | 00734nam a2200217 a 4500 | ||
|---|---|---|---|
| 001 | 13245 | ||
| 003 | BD-JhCC | ||
| 005 | 20230731105132.0 | ||
| 008 | 230622s20112019 bg a|||| |||| 000 0 ben d | ||
| 020 | _a9789848881063 | ||
| 035 | _a(BD-JhCC)13245 | ||
| 040 |
_aBD-JhCC _dBD-JhCC |
||
| 041 | _aben | ||
| 082 |
_a891.4435 _bHAQ 2019 |
||
| 100 | _aহক, আনিসুল | ||
| 245 |
_aএকজন রাখাল বালকের মুক্তিযুদ্ধ / _cআনিসুল হক |
||
| 260 |
_aঢাকা : _bশুভ্র প্রকাশ, _c২০১৯ |
||
| 300 |
_a২৪ পৃ. : _bরঙিন পৃষ্ঠা; _c২২ সেমি. |
||
| 650 | _aBengali short story | ||
| 942 |
_2ddc _cBK _04 |
||
| 999 |
_c13245 _d13245 |
||